| 000 | 00000nam##2200000za#4500 |
| 001 | 9.686223 |
| 003 | CaOODSP |
| 005 | 20210624230434 |
| 007 | cr ||||||||||| |
| 008 | 150407|1999||||xxc|||||o f|0| 0 eng|d |
| 020 | |a0-662-30840-9 |
| 040 | |aCaOODSP|beng |
| 043 | |an-cn--- |
| 086 | 1 |aE2-397/1999E-IN |
| 110 | 1 |aCanada.|bForeign Affairs and International Trade. |bCanadian Centre for Foreign Policy Development. |
| 245 | 10|aEducation and the Free Trade Area of the Americas (FTAA) (July 13, 1999, Vancouver, British Columbia) / |h[electronic resource]|c[prepared by] Initiatives for Democratic Education in the Americas (IDEA). |
| 260 | |aOttawa - Ontario : |bForeign Affairs and International Trade. |c[1999]. |
| 300 | |a15p. |
| 590 | |a10-09-Supp|b2010-11-02 |
| 690 | 07|aCanadian-American relations|2gcpds |
| 690 | 07|aEducation|2gcpds |
| 690 | 07|aForeign policy|2gcpds |
| 690 | 07|aFree trade|2gcpds |
| 776 | 0#|tEducation and the Free Trade Area of the Americas (FTAA) : |w(CaOODSP)9.648256 |
| 856 | 40|ahttp://publications.gc.ca|qPDF|s73 KB|uhttps://publications.gc.ca/collections/Collection/E2-397-1999E.pdf |
| 986 | |a8005.2E |